[Event "Madrid 2023-2024ch - Previa B"]
[Site "Madrid ESP"]
[Date "2024.02.10"]
[Round "5.1"]
[White "Cardena Contreras, Javier"]
[Black "Zhao, Yuyang"]
[Result "0-1"]
[WhiteElo "1882"]
[BlackElo "1703"]
[PlyCount "108"]
[EventDate "2024.02.01"]
[EventType "swiss"]
[EventRounds "9"]
[EventCountry "ESP"]
[SourceTitle "Ajedrez en Madrid"]
[Source "lmi"]
[SourceDate "2024.02.01"]
[SourceVersion "1"]
[SourceVersionDate "2024.02.25"]
[SourceQuality "1"]

1. e4 d6 2. d4 Nf6 3. Nc3 g6 4. Be3 c6 5. a4 Nbd7 6. Qd2 Qa5 7. h3 b5 8. Bd3 e5
9. Nf3 b4 10. Ne2 exd4 11. Nexd4 c5 12. Ne2 Qc7 13. Bc4 Nb6 14. Bb5+ Bd7 15.
Bxd7+ Nfxd7 16. a5 Nc8 17. O-O Ne7 18. Rfd1 Nc6 19. Nf4 Nf6 20. Nd5 Nxd5 21.
exd5 Ne7 22. Bg5 Bg7 23. Re1 f6 24. Bf4 O-O 25. Re6 Rad8 26. Rae1 Rf7 27. Bh6
Nf5 28. Re8+ Rxe8 29. Rxe8+ Rf8 30. Rxf8+ Kxf8 31. Bxg7+ Kxg7 32. g4 Ne7 33. g5
f5 34. a6 Kf7 35. c3 bxc3 36. bxc3 Qb6 37. Qd3 Qb3 38. Qe2 Nxd5 39. Nd2 Qxc3
40. Nc4 Qc1+ 41. Kh2 Qf4+ 42. Kh1 Nc3 43. Qd3 Ne4 44. Qd5+ Ke7 45. Qb7+ Ke6 46.
Qc8+ Kd5 47. Ne3+ Kd4 48. Qh8+ Kd3 49. Nd1 Qf3+ 50. Kh2 Qxd1 51. Qb2 Qc2 52.
Qb5+ Kd4 53. Kh1 Nxf2+ 54. Kg2 Ng4+ 0-1

[Event "Madrid 2023-2024ch - Previa B"]
[Site "Madrid ESP"]
[Date "2024.02.10"]
[Round "5.2"]
[White "Gutierrez Diaz, Pablo"]
[Black "Mata Medina, Andres"]
[Result "1-0"]
[WhiteElo "1928"]
[BlackElo "1774"]
[PlyCount "89"]
[EventDate "2024.02.01"]
[EventType "swiss"]
[EventRounds "9"]
[EventCountry "ESP"]
[SourceTitle "Ajedrez en Madrid"]
[Source "lmi"]
[SourceDate "2024.02.01"]
[SourceVersion "1"]
[SourceVersionDate "2024.02.25"]
[SourceQuality "1"]

1. e4 e5 2. Nf3 Nf6 3. Nxe5 d6 4. Nc4 Nxe4 5. Qe2 Qe7 6. Ne3 c6 7. Nc3 Nf6 8.
Nc4 Qxe2+ 9. Bxe2 Bf5 10. O-O d5 11. Ne3 Bg6 12. d4 Bd6 13. f4 Be4 14. Nxe4
Nxe4 15. c4 dxc4 16. Nxc4 Bc7 17. Bf3 Nd6 18. Re1+ Kf8 19. Ne5 f6 20. Nd3 Bb6
21. Nc5 Nf5 22. Be3 Nxe3 23. Rxe3 Bxc5 24. dxc5 Na6 25. Rae1 Nc7 26. b4 a6 27.
Re7 Re8 28. Rxe8+ Nxe8 29. Rd1 Ke7 30. Bg4 f5 31. Bxf5 Nf6 32. a3 Nd5 33. g3 g6
34. Bh3 Ra8 35. Kf2 Kf6 36. Bg2 a5 37. Bxd5 cxd5 38. Rxd5 axb4 39. axb4 Ra4 40.
Rd6+ Kf5 41. Rb6 Ke4 42. Rxb7 Ra2+ 43. Ke1 Ke3 44. Re7+ Kd3 45. c6 1-0

[Event "Madrid 2023-2024ch - Previa B"]
[Site "Madrid ESP"]
[Date "2024.02.10"]
[Round "5.3"]
[White "Alonso Anton, Carlos"]
[Black "Mazo Fernandez, Roberto"]
[Result "0-1"]
[WhiteElo "1776"]
[BlackElo "1947"]
[PlyCount "63"]
[EventDate "2024.02.01"]
[EventType "swiss"]
[EventRounds "9"]
[EventCountry "ESP"]
[SourceTitle "Ajedrez en Madrid"]
[Source "lmi"]
[SourceDate "2024.02.01"]
[SourceVersion "1"]
[SourceVersionDate "2024.02.25"]
[SourceQuality "1"]

1. d4 f5 2. Nf3 Nf6 3. c4 e6 4. e3 b6 5. Be2 Bb4+ 6. Bd2 Bxd2+ 7. Nbxd2 Bb7 8.
O-O O-O 9. Ne5 d6 10. Bf3 Ne4 11. Nd3 Nd7 12. Bxe4 fxe4 13. Nf4 Qe7 14. d5 exd5
15. cxd5 Nf6 16. Qb3 g5 17. Nh3 Bxd5 18. Qc3 h6 19. f4 exf3 20. Nxf3 g4 21. Nf4
gxf3 22. Ng6 Qg7 23. Nf4 Rae8 24. Qd2 Bb7 25. g3 Ne4 26. Qc2 f2+ 27. Rxf2 Nxf2
28. Qxf2 Qe5 29. Re1 Qe4 30. Kf1 Re5 31. Rc1 Rf7 32. Qg2 0-1

[Event "Madrid 2023-2024ch - Previa B"]
[Site "Madrid ESP"]
[Date "2024.02.10"]
[Round "5.4"]
[White "Palomo Monserrat, Lorenzo"]
[Black "Marin Lopez, Juan Jose"]
[Result "0-1"]
[WhiteElo "1867"]
[BlackElo "1775"]
[PlyCount "50"]
[EventDate "2024.02.01"]
[EventType "swiss"]
[EventRounds "9"]
[EventCountry "ESP"]
[SourceTitle "Ajedrez en Madrid"]
[Source "lmi"]
[SourceDate "2024.02.01"]
[SourceVersion "1"]
[SourceVersionDate "2024.02.25"]
[SourceQuality "1"]

1. d4 Nf6 2. c4 e6 3. Nf3 c5 4. Nc3 cxd4 5. Nxd4 Bb4 6. g3 O-O 7. Bg2 d5 8.
cxd5 exd5 9. O-O Nc6 10. Bg5 Be7 11. Qd2 h6 12. Be3 Re8 13. Rfd1 Bf8 14. Nb3
Ne5 15. Nxd5 Nc4 16. Qc3 Nxe3 17. fxe3 Nxd5 18. Bxd5 Qg5 19. Rf1 Qxd5 20. Rad1
Qg5 21. Rf4 Bh3 22. Qc4 Be6 23. Qc3 Rac8 24. Qe1 Bxb3 25. axb3 Bc5 0-1

[Event "Madrid 2023-2024ch - Previa B"]
[Site "Madrid ESP"]
[Date "2024.02.10"]
[Round "5.5"]
[White "Lozano Argueso, Cesar"]
[Black "Mansor Habash, Zouheir"]
[Result "1-0"]
[WhiteElo "1808"]
[BlackElo "1731"]
[PlyCount "73"]
[EventDate "2024.02.01"]
[EventType "swiss"]
[EventRounds "9"]
[EventCountry "ESP"]
[SourceTitle "Ajedrez en Madrid"]
[Source "lmi"]
[SourceDate "2024.02.01"]
[SourceVersion "1"]
[SourceVersionDate "2024.02.25"]
[SourceQuality "1"]

1. e4 c5 2. Nf3 g6 3. d4 cxd4 4. Qxd4 Nf6 5. e5 Nc6 6. Qa4 Nd5 7. Qb3 Nb6 8. a4
d6 9. a5 Be6 10. Qb5 Nd5 11. a6 Nc7 12. Qxb7 Bd5 13. Bb5 Nxb5 14. Qxb5 Bxf3 15.
gxf3 Qb6 16. Qxb6 axb6 17. c3 Nxe5 18. Ke2 Bg7 19. Nd2 O-O 20. f4 Nd7 21. Nf3
Nb8 22. a7 Nc6 23. Be3 Nxa7 24. Ra6 Rfb8 25. Rha1 Rb7 26. Nd4 e5 27. fxe5 Bxe5
28. Nb5 Nxb5 29. Rxa8+ Kg7 30. h3 Re7 31. Kd3 d5 32. Bxb6 Re6 33. Be3 Rf6 34.
Re8 Rf5 35. Ra5 Nd6 36. Rxe5 Nc4 37. Rxf5 1-0

[Event "Madrid 2023-2024ch - Previa B"]
[Site "Madrid ESP"]
[Date "2024.02.10"]
[Round "5.6"]
[White "De Dompablo Fantova, Juan"]
[Black "Baeza Escudero, Javier"]
[Result "0-1"]
[WhiteElo "1564"]
[BlackElo "1802"]
[PlyCount "119"]
[EventDate "2024.02.01"]
[EventType "swiss"]
[EventRounds "9"]
[EventCountry "ESP"]
[SourceTitle "Ajedrez en Madrid"]
[Source "lmi"]
[SourceDate "2024.02.01"]
[SourceVersion "1"]
[SourceVersionDate "2024.02.25"]
[SourceQuality "1"]

1. e4 e5 2. Nf3 Nc6 3. Nc3 Nf6 4. Bb5 Bb4 5. d3 d6 6. O-O O-O 7. Bg5 Bxc3 8.
bxc3 Qe7 9. Re1 Nd8 10. d4 Ne6 11. Bc1 Rd8 12. a4 c5 13. g3 Nc7 14. Bf1 h6 15.
d5 Nh7 16. Nh4 Qf6 17. c4 Ne8 18. Ra3 Ng5 19. Bxg5 Qxg5 20. Bg2 Nf6 21. Rf1 Bg4
22. Qe1 Nh5 23. h3 Bd7 24. Qe2 g6 25. Nf3 Qe7 26. Nh2 Ng7 27. f4 f5 28. fxe5
Qxe5 29. Kh1 Nh5 30. Qe3 Kh7 31. exf5 gxf5 32. Qxe5 dxe5 33. Re1 Re8 34. a5 f4
35. Nf1 fxg3 36. Nxg3 Nf4 37. Be4+ Kh8 38. h4 Rg8 39. Nf5 Rg4 40. Rb3 Bxf5 41.
Bxf5 Rxh4+ 42. Kg1 Rg8+ 43. Kf2 Rg2+ 44. Kf3 Rhh2 45. Rxe5 Rf2+ 46. Ke3 Kg7 47.
Rxb7+ Kf6 48. Rbe7 Nxd5+ 49. cxd5 Re2+ 50. Kf4 Rxe5 51. Rf7+ Kxf7 52. Kxe5 Ke7
53. d6+ Kd8 54. Kd5 Rh5 55. Ke6 Rg5 56. Bd3 h5 57. Kf6 Rd5 58. Ke6 Rxd3 59.
cxd3 h4 60. Kf5 0-1

[Event "Madrid 2023-2024ch - Previa B"]
[Site "Madrid ESP"]
[Date "2024.02.10"]
[Round "5.7"]
[White "Pajuelo Morales, Raul"]
[Black "Becerra Baigorri, Jose"]
[Result "1-0"]
[WhiteElo "1879"]
[BlackElo "1447"]
[PlyCount "49"]
[EventDate "2024.02.01"]
[EventType "swiss"]
[EventRounds "9"]
[EventCountry "ESP"]
[SourceTitle "Ajedrez en Madrid"]
[Source "lmi"]
[SourceDate "2024.02.01"]
[SourceVersion "1"]
[SourceVersionDate "2024.02.25"]
[SourceQuality "1"]

1. d4 d5 2. c4 e6 3. Nc3 Nf6 4. cxd5 exd5 5. Bg5 c6 6. e3 h6 7. Bh4 Be7 8. Bd3
O-O 9. Qc2 Be6 10. Nge2 Re8 11. O-O Nbd7 12. f3 Rc8 13. Qd2 Nf8 14. e4 c5 15.
e5 N6d7 16. Bxe7 Qxe7 17. f4 Nb6 18. Nb5 c4 19. Bc2 Ra8 20. f5 Bc8 21. Nd6 Rd8
22. f6 gxf6 23. exf6 Rxd6 24. Qxh6 Ne6 25. Qh7+ 1-0

[Event "Madrid 2023-2024ch - Previa B"]
[Site "Madrid ESP"]
[Date "2024.02.10"]
[Round "5.8"]
[White "Condezo Abderrahim, Ibrahim"]
[Black "Hurtado Garrido, Reyes"]
[Result "1/2-1/2"]
[WhiteElo "1818"]
[BlackElo "1697"]
[PlyCount "62"]
[EventDate "2024.02.01"]
[EventType "swiss"]
[EventRounds "9"]
[EventCountry "ESP"]
[SourceTitle "Ajedrez en Madrid"]
[Source "lmi"]
[SourceDate "2024.02.01"]
[SourceVersion "1"]
[SourceVersionDate "2024.02.25"]
[SourceQuality "1"]

1. e4 c5 2. Nf3 e6 3. d4 cxd4 4. Nxd4 a6 5. c4 Qc7 6. Be2 Nc6 7. Nc3 Nf6 8. O-O
b6 9. Be3 Bc5 10. Nc2 Nb4 11. Bg5 Nxc2 12. Qxc2 Qe5 13. Bh4 Bb7 14. Bd3 Nh5 15.
Ne2 g5 16. Bg3 Nxg3 17. Nxg3 h5 18. Ne2 g4 19. Kh1 h4 20. f4 gxf3 21. gxf3 Rg8
22. b4 Qg7 23. Nf4 Be3 24. Ng2 Bd4 25. Rad1 h3 26. Nf4 Qh6 27. Qd2 O-O-O 28. c5
Be5 29. Nd5 Rg2 30. Ne7+ Kb8 31. Qxh6 Rxh2+ 1/2-1/2

[Event "Madrid 2023-2024ch - Previa B"]
[Site "Madrid ESP"]
[Date "2024.02.10"]
[Round "5.9"]
[White "Bocancea, Cristian Andrei"]
[Black "Martin Hernandez, Vicente"]
[Result "1-0"]
[WhiteElo "1549"]
[BlackElo "1748"]
[PlyCount "57"]
[EventDate "2024.02.01"]
[EventType "swiss"]
[EventRounds "9"]
[EventCountry "ESP"]
[SourceTitle "Ajedrez en Madrid"]
[Source "lmi"]
[SourceDate "2024.02.01"]
[SourceVersion "1"]
[SourceVersionDate "2024.02.25"]
[SourceQuality "1"]

1. d4 d5 2. c4 e6 3. Nc3 Nf6 4. cxd5 exd5 5. Bg5 Be7 6. e3 O-O 7. Qc2 Nbd7 8.
Bd3 h6 9. Bh4 c6 10. Nge2 Re8 11. O-O Nf8 12. f3 Ne6 13. Bf2 Bd7 14. e4 dxe4
15. fxe4 Ng4 16. e5 c5 17. d5 Nd4 18. Nxd4 cxd4 19. Bxd4 Bg5 20. Rae1 h5 21.
Bh7+ Kh8 22. Rxf7 Nh6 23. Rff1 Rf8 24. Rxf8+ Qxf8 25. e6 Be8 26. Bg6 Ng8 27.
Bxe8 Rxe8 28. Qg6 Nf6 29. Qxg5 1-0

[Event "Madrid 2023-2024ch - Previa B"]
[Site "Madrid ESP"]
[Date "2024.02.10"]
[Round "5.10"]
[White "Quiroga Andres, Carlos"]
[Black "Godoy Herrera, Carlos"]
[Result "0-1"]
[WhiteElo "1373"]
[BlackElo "1701"]
[PlyCount "140"]
[EventDate "2024.02.01"]
[EventType "swiss"]
[EventRounds "9"]
[EventCountry "ESP"]
[SourceTitle "Ajedrez en Madrid"]
[Source "lmi"]
[SourceDate "2024.02.01"]
[SourceVersion "1"]
[SourceVersionDate "2024.02.25"]
[SourceQuality "1"]

1. Nf3 d5 2. d4 Nf6 3. e3 Bf5 4. c4 e6 5. Nc3 c6 6. cxd5 exd5 7. Be2 Bd6 8. O-O
O-O 9. Qb3 Qb6 10. Qxb6 axb6 11. a3 Nbd7 12. Bd2 h6 13. Na2 Rfe8 14. Bb4 c5 15.
Bd2 Ne4 16. Nc3 cxd4 17. Nxe4 Bxe4 18. Nxd4 Rac8 19. Bb5 Red8 20. Rac1 Ne5 21.
Rxc8 Rxc8 22. Bc3 Nc4 23. a4 Be7 24. Bd7 Rd8 25. Bf5 Bf6 26. Bxe4 dxe4 27. Nf5
Bxc3 28. bxc3 Rd3 29. Ng3 Nd2 30. Rc1 g6 31. h3 f5 32. Ne2 Nc4 33. Nf4 Rd6 34.
Rb1 g5 35. Ne2 Kf7 36. Rb4 Rd1+ 37. Kh2 Nd2 38. Rxb6 Nf1+ 39. Kg1 Ng3+ 40. Kh2
Nxe2 41. Rxb7+ Ke6 42. Rb6+ Rd6 43. Rb3 Rc6 44. a5 Nc1 45. Ra3 Ra6 46. Kg1 Kd5
47. Kf1 Kc4 48. Ke1 Nd3+ 49. Ke2 Nc5 50. g4 f4 51. exf4 gxf4 52. h4 Kb5 53. g5
hxg5 54. hxg5 Rxa5 55. c4+ Kb4 56. Rh3 Ne6 57. g6 Kxc4 58. Rh7 Rg5 59. Ra7 Rxg6
60. Ra4+ Kd5 61. Ra5+ Nc5 62. Ra8 Rb6 63. Rf8 Ke5 64. Rh8 Rb2+ 65. Kf1 f3 66.
Rh5+ Kd4 67. Kg1 Nd3 68. Rh4 Nxf2 69. Kh2 Ke3 70. Kg3 Nd3 0-1

[Event "Madrid 2023-2024ch - Previa B"]
[Site "Madrid ESP"]
[Date "2024.02.10"]
[Round "5.11"]
[White "Garcia Tanjala, Marko"]
[Black "Tendero Perez, Daniel"]
[Result "1-0"]
[WhiteElo "1527"]
[BlackElo "1603"]
[PlyCount "59"]
[EventDate "2024.02.01"]
[EventType "swiss"]
[EventRounds "9"]
[EventCountry "ESP"]
[SourceTitle "Ajedrez en Madrid"]
[Source "lmi"]
[SourceDate "2024.02.01"]
[SourceVersion "1"]
[SourceVersionDate "2024.02.25"]
[SourceQuality "1"]

1. e4 c6 2. Nf3 d5 3. Nc3 e6 4. a3 Nd7 5. d4 Bd6 6. Bd3 Ne7 7. Be3 f6 8. exd5
exd5 9. O-O Qc7 10. Re1 g5 11. h3 h5 12. Nxg5 fxg5 13. Bxg5 b6 14. Bg6+ Kd8 15.
Bxh5 Ba6 16. Qf3 Rf8 17. Qe3 Nf6 18. Bf3 Kc8 19. Qe6+ Qd7 20. Bxf6 Ng8 21.
Qxd7+ Kxd7 22. Bg4+ Kc7 23. Be5 Nh6 24. Bxd6+ Kxd6 25. Re6+ Kc7 26. Rxh6 b5 27.
Nxd5+ Kb7 28. Rh7+ Kb8 29. Nc7 Rd8 30. Nxa6# 1-0

[Event "Madrid 2023-2024ch - Previa B"]
[Site "Madrid ESP"]
[Date "2024.02.10"]
[Round "5.12"]
[White "De Fuenmayor Fernandez de la , Carlos Pablo"]
[Black "Mosteiro Montoro, Alvaro"]
[Result "1-0"]
[WhiteElo "1532"]
[BlackElo "1483"]
[PlyCount "71"]
[EventDate "2024.02.01"]
[EventType "swiss"]
[EventRounds "9"]
[EventCountry "ESP"]
[SourceTitle "Ajedrez en Madrid"]
[Source "lmi"]
[SourceDate "2024.02.01"]
[SourceVersion "1"]
[SourceVersionDate "2024.02.25"]
[SourceQuality "1"]

1. c4 c6 2. Nc3 d5 3. cxd5 cxd5 4. d4 Nc6 5. Nf3 Nf6 6. Bg5 e6 7. e4 dxe4 8.
Nxe4 Be7 9. Nxf6+ Bxf6 10. Bxf6 Qxf6 11. Bb5 Bd7 12. O-O a6 13. Ba4 O-O 14. Rc1
b5 15. Bc2 Rac8 16. Qd3 g6 17. Rfd1 Nb4 18. Qb3 Nxc2 19. Rxc2 Rxc2 20. Qxc2 Rc8
21. Qd2 Kg7 22. Ne5 Bc6 23. Nxc6 Rxc6 24. h3 Rd6 25. Qe3 Qd8 26. f4 Rd5 27. Rd3
a5 28. a3 a4 29. b3 axb3 30. Rxb3 Qb6 31. Rb4 Qd6 32. Kf2 Rf5 33. g3 h5 34. Qc3
h4 35. d5+ Kh6 36. Qh8# 1-0

[Event "Madrid 2023-2024ch - Previa B"]
[Site "Madrid ESP"]
[Date "2024.02.10"]
[Round "5.13"]
[White "Pareja Cerrato, Antonio"]
[Black "Marret, Constantin Pierre"]
[Result "1-0"]
[WhiteElo "1464"]
[BlackElo "1532"]
[PlyCount "59"]
[EventDate "2024.02.01"]
[EventType "swiss"]
[EventRounds "9"]
[EventCountry "ESP"]
[SourceTitle "Ajedrez en Madrid"]
[Source "lmi"]
[SourceDate "2024.02.01"]
[SourceVersion "1"]
[SourceVersionDate "2024.02.25"]
[SourceQuality "1"]

1. e4 e6 2. d4 d5 3. exd5 exd5 4. Nf3 Bd6 5. Nc3 c6 6. Bd3 Ne7 7. h3 Qc7 8. Qe2
h6 9. Ne5 Be6 10. Bd2 Nd7 11. Nf3 a6 12. O-O c5 13. dxc5 Nxc5 14. Nd4 Qd7 15.
Nxe6 Qxe6 16. Qxe6 fxe6 17. Be2 d4 18. Nb1 Ne4 19. Bf3 Nxd2 20. Nxd2 Rb8 21.
Nc4 Bc7 22. Rfe1 b5 23. Ne5 Bxe5 24. Rxe5 Kd7 25. Rae1 Rb6 26. Bg4 Ng6 27. Rxe6
Rxe6 28. Rxe6 h5 29. Rxg6+ hxg4 30. Rxg7+ 1-0

[Event "Madrid 2023-2024ch - Previa B"]
[Site "Madrid ESP"]
[Date "2024.02.10"]
[Round "5.14"]
[White "Alvear Zapata, Juan Pablo"]
[Black "Huang, Liangpeng"]
[Result "1-0"]
[WhiteElo "1525"]
[BlackElo "1455"]
[PlyCount "69"]
[EventDate "2024.02.01"]
[EventType "swiss"]
[EventRounds "9"]
[EventCountry "ESP"]
[SourceTitle "Ajedrez en Madrid"]
[Source "lmi"]
[SourceDate "2024.02.01"]
[SourceVersion "1"]
[SourceVersionDate "2024.02.25"]
[SourceQuality "1"]

1. e4 c5 2. Nf3 e6 3. d4 Nc6 4. d5 Nce7 5. dxe6 fxe6 6. Bg5 Qc7 7. Nc3 Nf6 8.
Nb5 Qa5+ 9. Bd2 Qb6 10. e5 Ne4 11. Qe2 Nxd2 12. Nd6+ Kd8 13. Qxd2 Kc7 14. O-O-O
Nd5 15. c4 Nb4 16. a3 Nc6 17. Nxc8 Rxc8 18. Qxd7+ Kb8 19. Qxe6 g6 20. Rd7 Bh6+
21. Kb1 Rhe8 22. Qd6+ Ka8 23. Be2 Rcd8 24. Rd1 Bf8 25. Qc7 Qxc7 26. Rxc7 Rxd1+
27. Bxd1 Kb8 28. Rxh7 Nxe5 29. Nxe5 Rxe5 30. Bf3 Re7 31. Rh8 Rf7 32. Rg8 Rf6
33. Be4 Rxf2 34. Bf3 Rf1+ 35. Ka2 1-0

[Event "Madrid 2023-2024ch - Previa B"]
[Site "Madrid ESP"]
[Date "2024.02.10"]
[Round "5.16"]
[White "Quiros Florea, Rafael-Santiago"]
[Black "Ortega Sanchez Montanez, Marcos"]
[Result "0-1"]
[WhiteElo "1266"]
[BlackElo "1511"]
[PlyCount "68"]
[EventDate "2024.02.01"]
[EventType "swiss"]
[EventRounds "9"]
[EventCountry "ESP"]
[SourceTitle "Ajedrez en Madrid"]
[Source "lmi"]
[SourceDate "2024.02.01"]
[SourceVersion "1"]
[SourceVersionDate "2024.02.25"]
[SourceQuality "1"]

1. d4 Nf6 2. c4 e6 3. Nc3 Bb4 4. Qc2 O-O 5. Bg5 c5 6. e3 h6 7. Bh4 cxd4 8. exd4
Nc6 9. Nf3 g5 10. Bg3 g4 11. Ne5 Nxd4 12. Qd2 Nf5 13. Bd3 Kg7 14. h3 Nxg3 15.
fxg3 Qc7 16. Qf4 Bd6 17. hxg4 Rh8 18. Rxh6 Rxh6 19. Qg5+ Kf8 20. Qxh6+ Ke7 21.
Ng6+ Kd8 22. Qh8+ Ne8 23. Qh4+ f6 24. Ne4 Qb6 25. Nxf6 Qe3+ 26. Be2 Bxg3+ 27.
Kd1 Bxh4 28. Nxe8 Bg5 29. Kc2 Qxe2+ 30. Kb3 Qd3+ 31. Kb4 Bd2+ 32. Kb5 Kxe8 33.
Ne5 a6+ 34. Ka4 b5+ 0-1

[Event "Madrid 2023-2024ch - Previa B"]
[Site "Madrid ESP"]
[Date "2024.02.10"]
[Round "5.17"]
[White "Manas Carrete, Miguel Angel"]
[Black "Veiga Macias, Rodrigo"]
[Result "1-0"]
[WhiteElo "1500"]
[BlackElo "1339"]
[PlyCount "109"]
[EventDate "2024.02.01"]
[EventType "swiss"]
[EventRounds "9"]
[EventCountry "ESP"]
[SourceTitle "Ajedrez en Madrid"]
[Source "lmi"]
[SourceDate "2024.02.01"]
[SourceVersion "1"]
[SourceVersionDate "2024.02.25"]
[SourceQuality "1"]

1. d4 Nf6 2. c4 e6 3. Nf3 d5 4. Bg5 Be7 5. e3 O-O 6. Bd3 h6 7. Bh4 dxc4 8. Bxc4
c5 9. Qc2 Nc6 10. dxc5 Bxc5 11. a3 Be7 12. Nbd2 Bd7 13. O-O Rc8 14. Qd3 a6 15.
Rfd1 Qc7 16. Rac1 Rfd8 17. Ba2 Qb8 18. Bg3 Qa7 19. Bb1 Be8 20. Qe2 Bd6 21. Bh4
Be7 22. h3 Qb8 23. b4 b5 24. e4 e5 25. Bg3 Nh7 26. Ba2 Bf6 27. Bd5 Ne7 28. Ba2
Rxc1 29. Rxc1 Rc8 30. Rxc8 Qxc8 31. Nb3 Qc7 32. Nc5 Qd6 33. Qd3 Qxd3 34. Nxd3
Bc6 35. Nfxe5 Bxe4 36. Bxf7+ Kf8 37. Bb3 Nf5 38. Nd7+ Ke7 39. Nxf6 Nxf6 40. Nc5
Nxg3 41. fxg3 Bd5 42. Bxd5 Nxd5 43. Nxa6 Nc3 44. Nc5 Nb1 45. a4 bxa4 46. Nxa4
Na3 47. Kf2 Kd6 48. Kf3 Kc6 49. Nc3 Nc2 50. b5+ Kc5 51. Kf4 Ne1 52. Kf5 Nxg2
53. Kg6 Ne3 54. g4 Ng2 55. Kxg7 1-0

[Event "Madrid 2023-2024ch - Previa B"]
[Site "Madrid ESP"]
[Date "2024.02.10"]
[Round "5.21"]
[White "Anton Ortiz, Carlos"]
[Black "Caballero Sanchez, Francisco"]
[Result "1-0"]
[WhiteElo "1615"]
[BlackElo "1313"]
[PlyCount "69"]
[EventDate "2024.02.01"]
[EventType "swiss"]
[EventRounds "9"]
[EventCountry "ESP"]
[SourceTitle "Ajedrez en Madrid"]
[Source "lmi"]
[SourceDate "2024.02.01"]
[SourceVersion "1"]
[SourceVersionDate "2024.02.25"]
[SourceQuality "1"]

1. d4 Nf6 2. c4 e6 3. Nf3 d5 4. g3 b6 5. Bg2 Bb7 6. Nc3 dxc4 7. O-O Nbd7 8. Qa4
g6 9. Bg5 Bg7 10. d5 exd5 11. Ne5 O-O 12. Nc6 Qe8 13. Nxd5 Nxd5 14. Bxd5 Nc5
15. Ne7+ Kh8 16. Qxc4 Bxd5 17. Nxd5 Bxb2 18. Qh4 Qc6 19. Bf6+ Bxf6 20. Nxf6 Kg7
21. Ng4 h5 22. Ne3 Qe4 23. Qh3 Rad8 24. Rad1 Qa4 25. Rxd8 Rxd8 26. g4 hxg4 27.
Nxg4 Rh8 28. Qc3+ Kg8 29. Nf6+ Kg7 30. Nh5+ Kh6 31. Qxh8+ Kg5 32. Ng3 Ne4 33.
f4+ Kg4 34. h3+ Kxg3 35. Rf3# 1-0

[Event "Madrid 2023-2024ch - Previa B"]
[Site "Madrid ESP"]
[Date "2024.02.10"]
[Round "5.22"]
[White "Huang, Liangzhi"]
[Black "Bonte Blazquez, Antonio"]
[Result "1-0"]
[WhiteElo "1569"]
[BlackElo "1237"]
[PlyCount "73"]
[EventDate "2024.02.01"]
[EventType "swiss"]
[EventRounds "9"]
[EventCountry "ESP"]
[SourceTitle "Ajedrez en Madrid"]
[Source "lmi"]
[SourceDate "2024.02.01"]
[SourceVersion "1"]
[SourceVersionDate "2024.02.25"]
[SourceQuality "1"]

1. e4 d6 2. Nf3 Nf6 3. Nc3 g6 4. d4 Bg7 5. h3 O-O 6. Bf4 Nbd7 7. Qd2 Re8 8.
O-O-O c5 9. d5 a6 10. g4 b5 11. Qe3 b4 12. Ne2 Qa5 13. Kb1 Nb6 14. Ng3 Na4 15.
e5 Nd7 16. e6 Bxb2 17. exf7+ Kxf7 18. Qe6+ Kf8 19. Bh6+ Bg7 20. Ng5 Nc3+ 21.
Kc1 Nxa2+ 22. Kd2 b3+ 23. Ke3 Qc3+ 24. Rd3 Qe5+ 25. Qxe5 Nxe5 26. Bxg7+ Kxg7
27. Rxb3 Kh6 28. f4 Nd7 29. Ne6 g5 30. fxg5+ Kg6 31. Bd3+ Kf7 32. Rf1+ Kg8 33.
Nc7 Nb4 34. Nxe8 Nxd5+ 35. Kd2 Ne5 36. Be4 Nc4+ 37. Kc1 1-0

[Event "Madrid 2023-2024ch - Previa B"]
[Site "Madrid ESP"]
[Date "2024.02.10"]
[Round "5.23"]
[White "Perez Pascual, Arturo"]
[Black "Duran Rodriguez, Adriana"]
[Result "1-0"]
[WhiteElo "1523"]
[BlackElo "1230"]
[PlyCount "69"]
[EventDate "2024.02.01"]
[EventType "swiss"]
[EventRounds "9"]
[EventCountry "ESP"]
[SourceTitle "Ajedrez en Madrid"]
[Source "lmi"]
[SourceDate "2024.02.01"]
[SourceVersion "1"]
[SourceVersionDate "2024.02.25"]
[SourceQuality "1"]

1. e4 e5 2. Nf3 Nc6 3. Bb5 d6 4. d4 Bd7 5. d5 Nce7 6. Bxd7+ Qxd7 7. Nc3 f5 8.
Ng5 Nf6 9. f3 h6 10. Ne6 c6 11. O-O g5 12. Qd3 Ng6 13. exf5 Nf4 14. Bxf4 gxf4
15. Rad1 Kf7 16. Qc4 cxd5 17. Nxd5 Nxd5 18. Qxd5 Kf6 19. Nxf8 Rhxf8 20. Qxd6+
Qxd6 21. Rxd6+ Kxf5 22. Rxh6 Rad8 23. g4+ fxg3 24. hxg3 Rd2 25. Rf2 Rd1+ 26.
Kg2 Rfd8 27. Re2 R1d2 28. Rh5+ Kf6 29. Rhxe5 R2d4 30. f4 R8d6 31. Kf3 a6 32. g4
R4d5 33. g5+ Kg6 34. Rxd5 Rxd5 35. Re6+ 1-0

[Event "Madrid 2023-2024ch - Previa B"]
[Site "Madrid ESP"]
[Date "2024.02.10"]
[Round "5.24"]
[White "Blanco Barrios, Aitana"]
[Black "Neill Rodriguez, John"]
[Result "1-0"]
[WhiteElo "1519"]
[BlackElo "1180"]
[PlyCount "111"]
[EventDate "2024.02.01"]
[EventType "swiss"]
[EventRounds "9"]
[EventCountry "ESP"]
[SourceTitle "Ajedrez en Madrid"]
[Source "lmi"]
[SourceDate "2024.02.01"]
[SourceVersion "1"]
[SourceVersionDate "2024.02.25"]
[SourceQuality "1"]

1. e4 e5 2. Nf3 Nc6 3. d4 exd4 4. Bc4 Nf6 5. e5 d5 6. Bb5 Ne4 7. Nxd4 Bd7 8.
Bxc6 bxc6 9. O-O Be7 10. f3 Nc5 11. Nc3 O-O 12. f4 f6 13. exf6 Rxf6 14. f5 Nb7
15. Bg5 Rf7 16. Bxe7 Qxe7 17. Qe1 Qc5 18. Qh4 Raf8 19. Rae1 Bxf5 20. Kh1 Bd7
21. Rxf7 Rxf7 22. Nf3 Qf8 23. h3 Rf4 24. Qh5 g6 25. Qe5 Bxh3 26. Qe8 Bg4 27.
Qxc6 Nd6 28. Qxd5+ Kg7 29. Qe5+ Kg8 30. Nd5 Qh6+ 31. Kg1 Rf7 32. Nf6+ Rxf6 33.
Qxf6 Bxf3 34. Qxf3 Qd2 35. Qb3+ Kg7 36. Qc3+ Qxc3 37. bxc3 Kf6 38. Kf2 h5 39.
Ke3 Nf5+ 40. Kf2 g5 41. Rb1 Nd6 42. Rb8 Ne4+ 43. Ke3 Nxc3 44. Rb7 a6 45. Kd3
Nxa2 46. Kd2 c5 47. c3 Kf5 48. Rb2 Nxc3 49. Kxc3 Kg4 50. Kc4 Kg3 51. Kxc5 h4
52. Kd4 h3 53. gxh3 Kxh3 54. Ke4 g4 55. Kf4 a5 56. Rb3+ 1-0

[Event "Madrid 2023-2024ch - Previa B"]
[Site "Madrid ESP"]
[Date "2024.02.10"]
[Round "5.28"]
[White "De la Villa Ramos, Maria"]
[Black "Moreno Sabroso, Ruben"]
[Result "0-1"]
[WhiteElo "1384"]
[BlackElo "1417"]
[PlyCount "63"]
[EventDate "2024.02.01"]
[EventType "swiss"]
[EventRounds "9"]
[EventCountry "ESP"]
[SourceTitle "Ajedrez en Madrid"]
[Source "lmi"]
[SourceDate "2024.02.01"]
[SourceVersion "1"]
[SourceVersionDate "2024.02.25"]
[SourceQuality "1"]

1. e4 d5 2. exd5 Qxd5 3. Nc3 Qa5 4. Bc4 Nf6 5. d3 Nc6 6. h3 a6 7. Bd2 Qb6 8.
Na4 Qd4 9. Nf3 Qd6 10. Nc3 Bf5 11. a3 h6 12. O-O e6 13. Re1 Be7 14. Ne4 Qd7 15.
Bc3 Bh7 16. b4 b5 17. Ba2 Qd8 18. Ne5 Nxe5 19. Bxe5 O-O 20. Qf3 Nxe4 21. dxe4
Bd6 22. Rad1 Qe7 23. Bb2 c5 24. bxc5 Bxc5 25. Qg4 Bg6 26. Qf4 Bxa3 27. Ba1 Rad8
28. Rxd8 Rxd8 29. Qe5 Qf8 30. h4 Be7 31. h5 Bh7 32. Kh2 0-1